000 00803cam a22002773a 4500
001 21969
003 PGUSA
005 20140828083452.0
008 070629s2007||||xxu|||||s|||||000 1 eng d
040 _aPGUSA
_beng
042 _adc
050 4 _aPS
100 1 _aJames, Henry,
_d1843-1916
245 1 4 _aThe Outcry
_h[electronic resource] /
_cHenry James
260 _bProject Gutenberg,
_c2007
506 _aPublic domain in the USA.
516 _aElectronic text
653 _aRomans à clef
653 _aPainting -- Collectors and collecting -- Fiction
653 _aArt historians -- Fiction
653 _aArt dealers -- Fiction
653 _aPainting -- Expertising -- Fiction
830 0 _aProject Gutenberg
_v21969
856 4 0 _uhttp://www.gutenberg.org/ebooks/21969
942 _cEB
999 _c251224
_d251224